脊髓損傷的功能性復健-物理治療的理論與實務指引 (Record no. 6336)
[ view plain ]
| 000 -記錄標示 | |
|---|---|
| fixed length control field | 00358nam a2200133Ia 4500 |
| 003 - 控制號標識 | |
| 控制識別號 | yeezen |
| 005 - 最後更新時間 | |
| control field | 20240102144644.0 |
| 008 - 定長欄資料代碼 | |
| fixed length control field | 180222s9999||||xx |||||||||||||| ||und|| |
| 020 ## - 國際標準書號 | |
| 國際標準書號 | 978-986-126-979-5 |
| 100 ## - 主要款目--主要著者 | |
| 個人姓名 | 林光華 |
| 245 #0 - 題名及著者敘述項 | |
| 著者敍述 | 林光華 |
| 正題名 | 脊髓損傷的功能性復健-物理治療的理論與實務指引 |
| 260 ## - 出版項 | |
| 出版年 | 2014 |
| 942 ## - 附加款目元素 (KOHA) | |
| 分類法來源 | 中文圖書分類法 |
| Koha 館藏類型 | 長期借閱書籍 |
| 撤銷狀態 | 遺失狀態 | 分類號來源 | 損壞狀態 | 不外借 | 永久館藏地 | 現在館藏地 | 書架位置 | 採購日期 | 全部借出 | 全部續借 | 完整索書號 | 條碼號 | 還書日 | 最後一次日期記錄 | Date last checked out | 一般價格有效日期 | Koha館藏類型 |
|---|---|---|---|---|---|---|---|---|---|---|---|---|---|---|---|---|---|
| 未註銷館藏 | 未遺失 | 中文圖書分類法 | 未損毀 | 可外借 | 怡仁綜合醫院圖書館 | 怡仁綜合醫院圖書館 | 復健中心 | 2018-02-22 | 16 | 10 | 416.616 | C02118 | 2026-06-30 | 2026-01-02 | 2026-01-02 | 2018-02-22 | 長期借閱書籍 |